Thế giới bí ẩn nghiêng 23°5.
Thế giới những bí ẩn của con người: Linh cảm, thần giao cách cảm, dòng điện sinh học, thần giao cách cảm...; thế giới thiên nhiên những điều chưa biết: cỏ cây, đất đá, thuật phong thuỷ...
Đã lưu trong:
| 格式: | 圖書 |
|---|---|
| 語言: | Vietnamese |
| 出版: |
Tp.HCM :
Thanh niên,
2000.
|
| 主題: | |
| 標簽: |
添加標簽
沒有標簽, 成為第一個標記此記錄!
|
| Thư viện lưu trữ: | Mạng thư viện Đại học Đà Nẵng |
|---|
| LEADER | 01048cam a2200337 i 4500 | ||
|---|---|---|---|
| 001 | 000046976 | ||
| 003 | 6494 | ||
| 005 | 20030917134631.0 | ||
| 008 | 010306b2000 vm 000 vie | ||
| 020 | |c 45000 | ||
| 040 | |a IRC |c IRC |d IRC | ||
| 041 | 0 | |a vie | |
| 082 | 1 | 4 | |a 001 |b Th-G |
| 245 | 0 | 0 | |a Thế giới bí ẩn nghiêng 23°5. |
| 260 | |a Tp.HCM : |b Thanh niên, |c 2000. | ||
| 300 | |a 492tr. ; |c 19cm. | ||
| 520 | 3 | |a Thế giới những bí ẩn của con người: Linh cảm, thần giao cách cảm, dòng điện sinh học, thần giao cách cảm...; thế giới thiên nhiên những điều chưa biết: cỏ cây, đất đá, thuật phong thuỷ... | |
| 630 | 0 | 4 | |a Tri thức. |
| 630 | 0 | 4 | |a Khoa học. |
| 630 | 0 | 4 | |a Kiến thức nhân loại. |
| 650 | 0 | 4 | |a Kiến thức khoa học. |
| OWN | |a DUT | ||
| 999 | |a From the UDN01 | ||
| TYP | |a Monograph | ||
| TYP | |a Printed language | ||
| 980 | |a Mạng thư viện Đại học Đà Nẵng | ||